000 00641nas a2200229 4500
001 BR8404822
003 BR-BrBNA
005 20231205090007.0
007 ta
008 230509b bl.|||p| |||| 00| 00por d
040 _aBR-BrBNA
_bpor
_cBiblioteca Nacional de Agricultura
041 _a(Pt)
072 _aQ60
100 1 _aStorniolo, P.
245 1 _aSelecao nota 10 [la, Rio Grande do Sul]
650 _aLA
650 _aINDUSTRIA TEXTIL
650 _aRIO GRANDE DO SUL
773 0 _tGranja (Brazil)
_xISSN 0367-505X
_g(May 1984), v. 40(439) p. 32-36
_wBR8404822
909 _a202311
_bLúcia
_c55
_dLúcia Elande
942 _2AGRIS
_n0
_cANA
999 _c115348
_d115348